| 000 | 00823nam a22002657a 4500 | ||
|---|---|---|---|
| 999 |
_c165099 _d165099 |
||
| 003 | dpl | ||
| 005 | 20190607140012.0 | ||
| 008 | 190607b ||||| |||| 00| 0 eng d | ||
| 010 | _aA-877762 | ||
| 020 | _c115.00 | ||
| 035 | _aA-877762 | ||
| 037 | _bCen Lib/Ret | ||
| 040 |
_adpl _bEN _cdpl |
||
| 082 |
_a920 _bNAM |
||
| 245 |
_aNamanjali : _ccompiled by Usha Kedia;edited by Ratan Sharda _ban identity-not just a name / |
||
| 250 | _a2nd rev ed | ||
| 260 |
_bShlok Pulication _c1996 _aBombay |
||
| 270 |
_a3rd Floor, Sharda Bhuvan, Nanda Patkar Road, Vile Parle(East) _bBombay _e400 057 |
||
| 300 |
_a241p. : _c20cm(Hb) _bill. |
||
| 650 |
_aNames. _922042 |
||
| 650 |
_aNames & Insignia. _922043 |
||
| 700 |
_aKedia, Usha _922044 |
||
| 700 |
_aSharda, Ratan _922045 |
||
| 942 |
_2ddc _cEN _h920 _mNAM |
||